[Event "Araraquara op 2nd"]
[Site "Araraquara"]
[Date "2024.02.12"]
[Round "5"]
[White "Romero, Lila Angelica"]
[Black "Kinouchi, Francisco Almeida E"]
[Result "1/2-1/2"]
[WhiteElo "1329"]
[BlackElo "1800"]
[PlyCount "46"]
[EventDate "2024.02.10"]
[EventType "swiss"]
[EventRounds "7"]
[EventCountry "BRA"]
[SourceTitle "CB09_2024"]
[SourceDate "2024.02.28"]
[SourceVersion "1"]
[SourceVersionDate "2024.02.28"]
[SourceQuality "1"]

1. e4 c5 2. Nf3 d6 3. c3 Nc6 4. d4 cxd4 5. cxd4 Bg4 6. Be2 Nf6 7. 0-0 g6 8. d5 Bxf3 9. Bxf3 Ne5 10. Bf4 Nxf3+ 11. Qxf3 Bg7 12. Nc3 0-0 13. e5 dxe5 14. Bxe5 Nd7 15. Bxg7 Kxg7 16. Rfe1 Nf6 17. Rad1 Qd7 18. Qe3 Rfe8 19. h3 h5 20. Qd4 Kg8 21. Re3 Nh7 22. Rde1 b6 23. Re5 Nf8 1/2-1/2